Statistics for Clubs of football icons - 4

Click here to take the quiz!

General Stats

  • This quiz has been taken 55 times
  • The average score is 14 of 41

Answer Stats

PlayerFootball ClubYears in club% Correct
Cristiano RonaldoManchester United2003-09
100%
Cristiano RonaldoReal Madrid2009-18
100%
Cristiano RonaldoJuventus2018- ...
98%
Cristiano RonaldoSporting CP1997-2003
96%
Dennis BergkampArsenal1995-2006
94%
Jari LitmanenAjax2002-04
92%
Dennis BergkampAjax1981-1993
92%
Jari LitmanenAjax1992-99
92%
Dennis BergkampInter Milan1993-95
73%
Jari LitmanenLiverpool2001-02
65%
Jari LitmanenBarcelona1999-2001
56%
Hidetoshi NakataAS Roma2000-01
35%
Jari LitmanenHJK1991
35%
Jari LitmanenHJK2011
35%
Peter ShiltonLeicester City1963-74
31%
Peter ShiltonLeyton Orient1996-97
29%
Peter ShiltonNottingham Forest1977-82
29%
Peter ShiltonWest Ham United1996
21%
Cristiano RonaldoCD Nacional1995-97 (youth)
19%
Peter ShiltonStoke City1974-77
19%
Hidetoshi NakataACF Fiorentina2004-06
15%
Peter ShiltonDerby County1987-92
15%
Jari LitmanenMalmö FF2005-07
15%
Peter ShiltonBolton Wanderers1995
13%
Hidetoshi NakataBolton Wanderers2005-06 (loan)
13%
Hidetoshi NakataParma2001-04
13%
Jari LitmanenFulham2008
10%
Peter ShiltonSouthampton1982-87
10%
Hidetoshi NakataAC Perugia1998-2000
6%
Hidetoshi NakataBologna2004 (loan)
6%
Cristiano RonaldoCF Andorinha1992-95 (youth)
6%
Peter ShiltonCoventry City1995-96
6%
Jari LitmanenHansa Rostock2005
6%
Jari LitmanenMyPa1992
4%
Peter ShiltonPlymouth Argyle1992-95
4%
Peter ShiltonWimbledon FC1995
4%
Hidetoshi NakataBellmare Hiratsuka1995-98
2%
Jari LitmanenFC Lahti2004
2%
Jari LitmanenFC Lahti2008-10
2%
Jari LitmanenLahden Reipas1977-90
2%
Hidetoshi NakataNirasaki1992-94 (youth)
2%

Score Distribution

Percentile by Number Answered

Percent of People with Each Score

Your Score History

You have not taken this quiz